How to do everything with Windows Mobile

Get the most out of your Pocket PC, Pocket PC Phone, or Smartphone using the latest Windows Mobile software and this easy-to-follow guide. Learn fast and simple ways to manage all types of information-from everyday essentials such as scheduling appointments and storing addresses to balancing your ch...

Volledige beschrijving

Bewaard in:
Bibliografische gegevens
Hoofdauteur: McPherson, Frank
Formaat: Boek
Taal:Undetermined
Gepubliceerd in: New York McGraw-Hill 2006
Onderwerpen:
Tags: Voeg label toe
Geen labels, Wees de eerste die dit record labelt!
Thư viện lưu trữ: Trung tâm Học liệu Trường Đại học Cần Thơ
LEADER 01274nam a2200205Ia 4500
001 CTU_133975
008 210402s9999 xx 000 0 und d
020 |c 320000 
082 |a 004.165 
082 |b M113 
100 |a McPherson, Frank 
245 0 |a How to do everything with Windows Mobile 
245 0 |c Frank McPherson 
260 |a New York 
260 |b McGraw-Hill 
260 |c 2006 
520 |a Get the most out of your Pocket PC, Pocket PC Phone, or Smartphone using the latest Windows Mobile software and this easy-to-follow guide. Learn fast and simple ways to manage all types of information-from everyday essentials such as scheduling appointments and storing addresses to balancing your checkbook and reading email-no matter where you go. Written in a step-by-step format, How to Do Everything with Windows Mobile shows you how to share data with other wireless devices, play music, watch videos, send messages, write letters, and much more. Whether your needs are business or pleasure, this handy guide will have you fully utilizing all of the expanded features and capabilities of your Windows Mobile device. 
650 |a Pocket computers,Máy tính bỏ túi 
904 |i Trọng Hải 
980 |a Trung tâm Học liệu Trường Đại học Cần Thơ